México : hacia la reconstrucción de una economía /

Na minha lista:
Detalhes bibliográficos
Autor principal: Lustig, Nora (autor)
Formato: Livro
Idioma:espanhol
Publicado em: México : El Colegio de México : Fondo de Cultura Económica, 1994, c1994
Colecção:(Sección de Obras de Economía Latinoamericana)
Assuntos:
Tags: Adicionar Tag
Sem tags, seja o primeiro a adicionar uma tag!

MARC

LEADER 00000nam^a2200000^a^4500
001 000101542
005 20250521000000.0
009 20260310093243.413
020 |a 968-16-4332-1 
037 |a Acervo ITESO - Biblioteca 
041 |a ESP 
082 |a 330. 9720638  |b LUS 
100 |a Lustig, Nora  |e (autor) 
245 1 0 |a México :  |b hacia la reconstrucción de una economía /  |c N. Lustig ; pref. de Bruce K. MacLaury ; tr. por Eduardo L. Suárez. 
264 4 |a México :  |b El Colegio de México :  |b Fondo de Cultura Económica,  |c 1994, c1994 
300 |a 200 p. 
336 |a texto  |b txt  |2 rdacontenido 
337 |a sin mediación  |b n  |2 rdamedio 
338 |a volumen  |b nc  |2 rdasoporte 
440 1 |a (Sección de Obras de Economía Latinoamericana) 
500 |a Traducción de: Mexico: The Remaking of an Economy 
649 |a XX 
650 |a Crisis Económica -  |z México 
650 |a Política Económica -  |z México 
650 |a Apertura Comercial e Integración Económica -  |z México 
650 |a Apertura Comercial e Integración Económica -  |z México 
650 |a Economía -  |z México -  |x Historia -  |y 1982-1988 
650 |a México -  |x Condiciones Económicas 
910 |a Fondo General 
920 |a Impresos - Libros 
930 |a Colección General 
905 |a 101 
901 |a 0500036985  |b IT1  |c ACC  |u 20250521 
902 |a https://opac.biblio.iteso.mx/vufind/Record/000101542